00331nam a2200121 a 450000500170000000800410001702000180005805000200007610000220009624500490011826000320016730000100019920140412111236.0110128s19uu xx 00 eng d a0-590-13469-8 aM 808bSi3 1974 aSilverstein, Shel aWhere the sidewalk ends /cShel Silverstein. aU.S.A :bScholastic,c1974. a166p.